000 02456nam0a22003611 4500
001 rc\1125627
005 20250622185445.0
035 _a(NLR Aleph) 006367949
090 _a4968191
_c4968191
100 _a20041126d1981 |||y0rusy50 ca
101 0 _arus
102 _aRU
105 _aa |||||||||
200 1 _aПробуждение
_eРассказы
_fСост. А. Филиппович
_g[Худож. С.В. Вохмин, А.В. Вохмин]
210 _aСвердловск
_cСред.-Урал. кн. изд-во
_d1981
215 _a224 с.
_cил.
_d20
327 1 _aСодерж.: Подарок; Звонкая радость; Во дворе злая собака / Б. Васильев; Третий номер; Оскорбитель бабочки; Комета Л. Когоутека; Квинтет для духовых / А. Новиков; Первые шаги / В. Морозов; Увес; Каникулы / А. Иванов, и рассказы др. авт.
464 0 _12001#$aПодарок
_1700#1$aВасильев$bБ.
_tПодарок
_aВасильев, Б.
464 0 _12001#$aЗвонкая радость
_1700#1$aВасильев$bБ.
_tЗвонкая радость
_aВасильев, Б.
464 0 _12001#$aВо дворе злая собака
_1700#1$aВасильев$bБ.
_tВо дворе злая собака
_aВасильев, Б.
464 0 _12001#$aТретий номер
_1700#1$aНовиков$bА.
_tТретий номер
_aНовиков, А.
464 0 _12001#$aОскорбитель бабочки
_1700#1$aНовиков$bА.
_tОскорбитель бабочки
_aНовиков, А.
464 0 _12001#$aКомета Л. Когоутека
_1700#1$aНовиков$bА.
_tКомета Л. Когоутека
_aНовиков, А.
464 0 _12001#$aКвинтет для духовых
_1700#1$aНовиков$bА.
_tКвинтет для духовых
_aНовиков, А.
464 0 _12001#$aПервые шаги
_1700#1$aМорозов$bВ.
_tПервые шаги
_aМорозов, В.
464 0 _12001#$aУвес
_1700#1$aИванов$bА.
_tУвес
_aИванов, А.
464 0 _12001#$aКаникулы
_1700#1$aИванов$bА.
_tКаникулы
_aИванов, А.
702 1 _aФилиппович
_bА.С.
_gАлександр Сергеевич
_4220
801 0 _aRU
_bNLR
_gpsbo
801 1 _aRU
_bELAR
_2rusmarc
852 _aNLR
_j81-3/11122
942 _cBOOK
980 _aNB